000 00241 a2200097 4500
020 _a9789362547057
100 _aEsther Ananthamurthy
245 _aAnanthasmruthi(അനന്തസ്മൃതി)
260 _bD C books
_c2024
942 _cOO
999 _c115358
_d115357